Statistics for Counties of Ireland in Irish

Click here to take the quiz!

General Stats

  • This quiz has been taken 1,801 times
  • The average score is 15 of 32

Answer Stats

HintAnswer% Correct
DownAn Dún
81%
DublinÁth Cliath
81%
CorkCorcaigh
80%
ClareAn Clár
71%
Louth
71%
(London)DerryDoire
68%
LaoisLaois
66%
MeathAn Mhí
65%
MayoMaigh Eo
61%
KerryCiarraí
60%
KildareCill Dara
60%
SligoSligeach
60%
CavanAn Cabhán
58%
DonegalDún na nGall
58%
GalwayGaillimh
56%
LimerickLuimneach
48%
AntrimAontroim
44%
WaterfordPort Láirge
42%
LongfordLongfort
39%
FermanaghFear Manach
38%
WestmeathAn Iarmhi
36%
TyroneTír Eoghain
35%
CarlowCeatharlach
34%
ArmaghArd Mhaca
32%
WexfordLoch Garman
32%
RoscommonRos Comáin
32%
LeitrimLiatroim
27%
MonaghanMuineachán
27%
WicklowCill Mhantáin
24%
OffalyUibh Fhailí
23%
KilkennyCill Chainnigh
19%
TipperaryTiobraid Árainn
18%

Score Distribution

Percentile by Number Answered

Percent of People with Each Score

Your Score History

You have not taken this quiz